L'outre-mer français : 8 - La Polynésie française - Statistiques

Statistiques générales
  • Ce quiz a été pris 422 fois
  • Le résultat moyen est 9 sur 15
Statistiques - réponses
Indice Réponse % Correct
Dans quel océan est située la Polynésie française ? Pacifique
99%
Quelle en est l'île principale ? Tahiti
95%
Quelle en est la capitale ? Papeete
88%
Célèbre île polynésienne, appréciée des people, et dont on a donné le nom à un cocktail. Bora-Bora
70%
"Culture" locale très appréciée en bijouterie Perles
69%
Nom de la préparation obtenue par un mélange de fleurs de tiare et d'huile de coprah, très utilisée en cosmétique. Monoï
64%
Monnaie utilisée en Polynésie française. Franc pacifique (CFP)
62%
Ce territoire comporte plusieurs archipels. Celui-ci a été chanté par Brel. Marquises
60%
Type d'île corallienne des océans tropicaux, fréquent en polynésie, même si on n'y voit pas très clair !! Atoll
57%
Ce peintre français s'est exilé en Polynésie à la fin du 19ème siècle. Paul Gauguin
55%
Nom de l'archipel où se trouve l'île comportant la capitale Iles de la Société
51%
Poisson à la base de l'alimentation traditionnelle Thon
49%
Production parfumée réputée mais en perte de vitesse Vanille
38%
Politicien emblématique du territoire, aujourd'hui déchu. Gaston Flosse
23%
Celui-là est célèbre pour ses champignons d'un genre très particulier... Mururoa
16%
Aucun quiz correspondant
Distribution des résultats
% des personnes avec chaque résultat
Percentile par nombre de réponses
Votre historique - résultats
Vous n’avez pas pris ce quiz